000 01286cam a2200337 a 4500
001 609075
003 NUST - PNEC
005 20170116181116.0
008 871110r19831910ii 000 0 eng d
035 _a(OCoLC)220878751
035 _a(OCoLC)ocn220878751
035 _a(CStRLIN)NYCG87-B88987
035 _a(NNC)609075
040 _aDFG
_dNNC
_cLIBRARY
082 _a954.022 SAC
090 _aDS418
_b.B5 1983g
100 1 _aBīrūnī, Muḥammad ibn Aḥmad,
_d973?-1048.
240 1 0 _aTārīkh al-Hind.
_lEnglish
245 1 0 _aAlberuni's India :
_ban account of the religion, philosophy, literature, geography, chronology, astronomy, customs, laws and astrology of India about A.D. 1030 /
_cedited with notes and indices by Edward C Sachau.
260 _aNew Delhi :
_bOriental Reprint :
_bDistributed by Munshiram Manoharlal,
_c1962
300 _a2 v. in 1 (xlix, 431 p.) ;
_c22 cm.
534 _aReprint. Originally published: London : Kegan Paul, Trench, Trubner, 1910.
650 _913204
_aAlberuni's india
_xGeneral books
651 0 _aIndia
_xSocial life and customs.
651 0 _aIndia
_xReligion.
651 0 _aIndia
_xHistory
_vChronology.
700 1 _aSachau, Eduard,
_d1845-1930.
942 _2ddc
_cBK
948 2 _a20100902
_ba
_cdc21
_dMPS
999 _c69326
_d69326